Precursores de la libertad: Antonio Nariño del derecho a la libertad : (Registro nro. 37742)

Detalles MARC
000 -CABECERA
Longitud fija campo de control 00938nam a2200217 4500
003 - • IDENTIFICADOR DELl NÚMERO DE CONTROL
Identificador del número de control CO-ViMGA
020 ## - • NÚMERO INTERNACIONAL NORMALIZADO PARA LIBROS
Número Internacional Normalizado para Libros (ISBN) 9789587171747
040 ## - FUENTE DE LA CATALOGACIÓN
Centro catalogador de origen CO-ViMGA
Lengua de catalogación spa
Centro transcriptor CO-ViMGA
082 04 - • NÚMERO DE LA CLASIFICACIÓN DECIMAL DEWEY
Número de clasificación (R) 741.5
Número del ítem F67a
100 1# - • PUNTO DE ACCESO PRINCIPAL-NOMBRE DE PERSONA
Nombre de persona Fortich Palencia, William.
245 10 - • TITULO PROPIAMENTE DICHO
Título Precursores de la libertad: Antonio Nariño del derecho a la libertad :
Resto del título novela gráfica /
Mención de responsabilidad, etc. William Fortich Palencia, Camilo Ramírez, Iván González García, Gustavo Adolfo Ramírez Ariza.
300 ## - • DESCRIPCIÓN FÍSICA
Extensión 140 p. :
Otras características físicas il. ; 27 cm.
500 ## - • NOTA GENERAL
Nota general Contiene doble cara ( Antoni Nariño - Benkos Bioho )
650 14 - • PUNTO DE ACCESO ADICIONAL DE MATERIA - TÉRMINO DE MATERIA
Término de materia o nombre geográfico como elemento inicial Antonio Nariño del derecho a la libertad - Novela Gráfica.
650 14 - • PUNTO DE ACCESO ADICIONAL DE MATERIA - TÉRMINO DE MATERIA
Término de materia o nombre geográfico como elemento inicial El rey de Matuna de esclavizado a libertador - Novela gráfica.
700 1# - • PUNTO DE ACCESO ADICIONAL - NOMBRE DE PERSONA
Nombre de persona Daza Rodríguez, Cristina.
700 1# - • PUNTO DE ACCESO ADICIONAL - NOMBRE DE PERSONA
Nombre de persona González García, Iván.
700 1# - • PUNTO DE ACCESO ADICIONAL - NOMBRE DE PERSONA
Nombre de persona Ramírez Ariza, Gustavo Adolfo.
942 ## - ENTRADA DE ELEMENTOS AGREGADOS (KOHA)
Fuente de clasificaión o esquema Dewey Decimal Classification
Koha [por defecto] tipo de item LIbro
Existencias
Perdido Fuente de clasificación o esquema Estado Físico No para préstamo Forma de adquisición Localización permanente Localización actual Fecha adquisición Préstamos totales Signatura completa Código de barras Fecha última consulta Número de copia Fecha del precio de reemplazo Tipo de item de Koha
  Dewey Decimal Classification     Sala Especializada Tercer Piso Biblioteca Pública Germán Arciniegas - Villavicencio Biblioteca Pública Germán Arciniegas - Villavicencio 11/02/2016   741.5 F67a 31463 11/02/2016 Ej. 1 11/02/2016 LIbro









Instituto Departamental de Cultura del Meta - Red Departamental de Bibliotecas Públicas del Meta.